<?xml version="1.0" encoding="UTF-8"?>
<marc:record xmlns:marc="http://www.loc.gov/MARC21/slim">
   <marc:leader>00000nam a2200000 a 4500</marc:leader>
   <marc:datafield ind1=" " ind2=" " tag="653">
      <marc:subfield code="a">Islam</marc:subfield>
   </marc:datafield>
   <marc:datafield ind1=" " ind2=" " tag="653">
      <marc:subfield code="a">Geschichte</marc:subfield>
   </marc:datafield>
   <marc:datafield ind1=" " ind2=" " tag="653">
      <marc:subfield code="a">Schrift</marc:subfield>
   </marc:datafield>
   <marc:datafield ind1=" " ind2=" " tag="653">
      <marc:subfield code="a">Ausstellung</marc:subfield>
   </marc:datafield>
   <marc:datafield ind1=" " ind2=" " tag="653">
      <marc:subfield code="a">Islamische Kunst</marc:subfield>
   </marc:datafield>
   <marc:datafield ind1=" " ind2=" " tag="653">
      <marc:subfield code="a">Kalligraphie</marc:subfield>
   </marc:datafield>
   <marc:datafield ind1=" " ind2=" " tag="653">
      <marc:subfield code="a">München &lt;2010&gt;</marc:subfield>
   </marc:datafield>
   <marc:datafield ind1="0" ind2="0" tag="245">
      <marc:subfield code="a">Die Aura des Alif </marc:subfield>
   </marc:datafield>
   <marc:datafield ind1="0" ind2="0" tag="245">
      <marc:subfield code="b">Schriftkunst im Islam ; [anlässlich der Ausstellung Die Aura des Alif. Schriftkunst im Islam, 22.10.2010 - 20.02.2011, Staatliches Museum für Völkerkunde, München]</marc:subfield>
   </marc:datafield>
   <marc:datafield ind1=" " ind2="1" tag="264">
      <marc:subfield code="b">Prestel</marc:subfield>
      <marc:subfield code="c">2010</marc:subfield>
   </marc:datafield>
   <marc:datafield ind1="1" ind2=" " tag="520">
      <marc:subfield code="a">Kalligrafische Kunstschätze: Der Zauber islamischer Schriftkunst.
Anders als z.B. die chinesische Kalligrafie, wurde die islamische Schriftkunst in Europa lange nicht als Kunst gewürdigt. Nun wird dem weiten Spektrum der Schriftkunst des Islam endlich der gebührende Raum gegeben. Wissenschaftlich fundiert und dennoch anschaulich präsentiert dieser Band die beeindruckendsten Exponate aus der Ausstellung „Die Aura des Alif“ und lässt hochrangige Experten erläuternd zu Wort kommen. Dabei wird einfachen Gebrauchsgegenständen ebenso viel Beachtung geschenkt wie monumentalen Grabinschriften. (Angaben aus der Verlagsmeldung)</marc:subfield>
   </marc:datafield>
</marc:record>
